| 000 | 00687cam a2200217 a 4500 | ||
|---|---|---|---|
| 001 | 000015050 | ||
| 005 | 20251126125231.0 | ||
| 008 | 750813s1970 ag 001 0 spa | ||
| 040 |
_aDO-SdBNP _bspa _cDLC _dBNPHU |
||
| 082 |
_a291.175 _bP211d |
||
| 100 | 1 |
_aPaoli, Arturo. _934061 |
|
| 245 | 1 | 0 | _aDiálogo de la liberación. |
| 260 |
_aBuenos Aires, Argentina : _bEdiciones Carlos Lohlé, _c1970. |
||
| 300 |
_a303 p. ; _c22 cm. |
||
| 504 | _aIncluye referencias bibliográficas. | ||
| 650 | 0 |
_aIglesia y problemas sociales _92371 |
|
| 650 | 0 |
_aSociología cristiana _95839 |
|
| 650 | 4 |
_aTeología de la liberación _95838 |
|
| 910 | _aCatalogación por copia / LC | ||
| 049 | _aBNGR | ||
| 999 |
_c14623 _d14623 |
||